00597 2200193 4500001002100000005001500021035002000036245013300056100003100189250000600220300003900226260003600265082000800301084001400309020001800323650002800341990001700369990001700386INLIS00000000000082920190307122013 a0010-03190000421 aMuatan Lokal Ensiklopedia IPTEK / SAINS Untuk Pelajar dan Umum 6 :bMuatan Lokal & Kronologi IPTEK /cTim Penerbit Lentera Abadi0 aTim Penerbit Lentera Abadi a- aviii, 88 hlm. :bilus. ;c29,7 cm. aJakarta :bLentera Abadi,c2007 a503 a503 TIM m a979-3535-07-5 aEnsiklopedia Matematika a02970/H/2018 a02971/H/2018